| 000 | 01036nam a2200277 i 4500 | ||
|---|---|---|---|
| 001 | bg | ||
| 003 | KOSZ 005 | ||
| 005 | 20200423132959.0 | ||
| 008 | 990506s1968 pl g d 000 0 pol | ||
| 015 | _aPB 1969/516 | ||
| 040 |
_aWA N _cKOSZ 005/RW _dKOSZ 005/RW |
||
| 041 | 0 |
_apol _afre |
|
| 080 | _a804.0:808.4-3 | ||
| 100 | 1 |
_aKupisz, Kazimierz _d(1921-2003). _eAutor |
|
| 245 | 1 | 0 |
_aPodręczny słownik francusko-polski = _bDictionaire pratique français-polonais / _cKazimierz Kupis, Bolesław Kielski. |
| 246 | 3 | 0 | _aDictionaire pratique français-polonais. |
| 260 |
_aWarszawa : _b"Wiedza Powszechna", _c1968. |
||
| 300 |
_aXXVIII, 1003, [1] s. ; _c18 cm. |
||
| 380 | _aKsiążki. | ||
| 546 | _a2 s. tyt. fr. | ||
| 655 | 4 | _aSłownik francusko-polski | |
| 700 | 1 |
_aKielski, Bolesław _d(1879-1965). _eAutor |
|
| 710 | 2 |
_aPaństwowe Wydawnictwo Wiedza Powszechna _4pbl. |
|
| 856 |
_uhttp://koha.tu.koszalin.pl/cgi-bin/koha/opac-detail.pl?biblionumber=11630 _yKatalog online BPK |
||
| 942 |
_2UKD _cKS |
||
| 999 |
_c11630 _d11630 |
||